000 00632nam a2200217Ia 4500
005 20190320164807.0
008 131103s9999 xx 000 0 und d
020 _a0134930568
_cRs.2689.00
040 _aLoreto College
041 _aEnglish
082 _a152.5
_bLEV
100 _aLevinthal,Charles E.
245 _aIntroduction to physiological psychology
_cCharles E. Levinthal
250 _a2nd ed
260 _aNew Jersey
_bPrentice-Hall
_c1983
300 _axii,515p
504 _aIncludes bibliographical references and index
650 _aPhysiological psychology
850 _aLCLIB
_bPsySemLib
942 _cBK
999 _c41974
_d92453